Most Streamed Metro Boomin Songs - Statistics

General Stats
  • This quiz has been taken 199 times
    37 since last reset
  • The average score is 11 of 20
Answer Stats
# Streams Answer % Correct
4 1,055,271,912 Too Many Nights
84%
2 1,650,872,629 Creepin'
80%
6 953,963,491 Superhero (Heroes & Villains)
80%
5 969,913,784 Trance
72%
8 864,434,734 Like That
68%
3 1,087,192,809 Space Cadet
68%
1 1,845,692,401 Ric Flair Drip
64%
12 628,121,049 Type Shit
64%
7 868,212,256 Runnin
60%
10 727,877,961 10 Freaky Girls
56%
9 850,296,580 Glock In My Lap
52%
11 631,121,566 X
52%
14 554,228,410 Rich ***** Shit
48%
16 428,731,445 Niagara Falls (Foot or 2)
44%
15 527,236,314 No Heart
44%
13 567,747,075 Overdue
44%
17 422,608,050 Ghostface Killers
40%
18 398,340,476 Around Me
36%
19 380,673,485 Am I Dreaming
28%
20 344,573,805 Mr. Right Now
28%
No matching quizzes found
Score Distribution
Percent of People with Each Score
Percentile by Number Answered
Your Score History
You have not taken this quiz since the last reset